Learn Japanese: Animals (Romaji) - Statistics

General Stats
  • This quiz has been taken 168 times
  • The average score is 12 of 32
Answer Stats
Picture Answer % Correct
Neko
97%
Inu
90%
Tori
73%
Tora
60%
Panda
58%
Kuma
57%
Usagi
55%
Uma
54%
Sakana
52%
Nezumi
46%
Hebi
43%
Hito
43%
Kitsune
43%
Zou
42%
Raion
40%
Saru
40%
Ookami
34%
Kumo
33%
Pengin
31%
Same
31%
Kirin
28%
Ika
24%
Kaeru
22%
Ryu
22%
Wani
22%
Risu
19%
Mushi
15%
Washi
13%
Hitode
7%
Hayabusa
6%
Hihi
6%
Harenezumi
1%
No matching quizzes found
Score Distribution
Percent of People with Each Score
Percentile by Number Answered
Your Score History
You have not taken this quiz